00333nam a2200097Ia 4500008004100000041000800041100002800049245008600077260005300163999001900216241105s9999 xx 000 0 und d aeng aKumbhar Srushti9184992 aLife Cycle Assessment And Cost Analysis Of Construction Materials For Bhor Region bBNCA M Arch Environment ArchitectureaPunec2023 c362093d362093